Celní předpisy při soukromém podnikání

Gespeichert in:
Bibliographische Detailangaben
Format: Buch
Sprache:Tschechisch
Veröffentlicht: Frýdek-Místek EKONKONZULT 1991
Ausgabe:1. vyd.
Tags: Tag hinzufügen
Keine Tags, Fügen Sie das erste Tag hinzu!

MARC

LEADER 00000nam a2200000 4500
001 c039204
005 20250826123035.5
041 0 |a cze 
044 |a CZ 
245 1 0 |a Celní předpisy při soukromém podnikání 
250 |a 1. vyd. 
264 1 |a Frýdek-Místek  |b EKONKONZULT  |c 1991 
300 |a 162 s.